| 000 | 01617nam a2200265Ia 4500 | ||
|---|---|---|---|
| 999 |
_c53376 _d53376 |
||
| 001 | 20419 | ||
| 003 | GE_BSU | ||
| 005 | 20201123230634.0 | ||
| 008 | 181216s2015||||ge |||||||||||||| ||geo|| | ||
| 040 | _cGE_BSU | ||
| 041 | _ageo | ||
| 080 | _a615.89(479.22) კ-33 | ||
| 100 |
_aკაშია , რუსუდან _99742 |
||
| 245 |
_aქართული ხალხური მედიცინის საკითხები : იმერეთის (ხონის) ეთნოგრაფიული მასალის მიხედვით / _cრუსუდან კაშია ; რედ. ეკა დადიანი. |
||
| 264 |
_aქუთაისი : _bაკაკი წერეთლის სახელმწ. უნ-ტის გამ-ბა, _c2015. |
||
| 300 |
_a165 გვ. ; _c20 სმ. |
||
| 300 | _eბიბლიოგრაფია: გვ.159-162. | ||
| 504 | _aბიბლიოგრ. : გვ.159-162 | ||
| 520 | _aრეზიუმე ინგლისურ ენაზე. | ||
| 653 | _aქართული ხალხური მედიცინა | ||
| 653 | _aქართველების ეთნოგრაფია | ||
| 700 |
_aდადიანი, ეკა _eრედაქტორი _99743 |
||
| 710 |
_aაკაკი წერეთლის სახელმწიფო უნივერსიტეტი _bქართველური დიალექტოლოგიის სამეცნიერო-კვლევთი მიმართულება _99744 |
||
| 942 |
_cBK _2udc |
||